| 000 | 01240 a2200229 4500 | ||
|---|---|---|---|
| 001 | 52897 | ||
| 005 | 20260407155803.0 | ||
| 008 | 260407a1997 arg spa d | ||
| 003 | AR-UNSa-BCEJYS | ||
| 040 |
_aAR-UNSa-BCEJYS _bspa _cAR-UNSa-BCEJYS |
||
| 080 |
_a330.101.541 _xMacroeconomía |
||
| 245 | 1 | 0 | _aMacroeconomía |
| 020 | _a84-85855-83-3 | ||
| 250 | _a3a. ed. | ||
| 264 | 1 |
_aBarcelona : _bAntoni Bosch _c1997 |
|
| 300 |
_axl, 655 p. _c24 cm. |
||
| 505 | _a1. La ciencia de la macroeconomía - 2. Los datos macroeconómicos - 3. La renta nacional: Su producción, distribución y asignación - 4. El crecimiento económico - 5. El paro - 6. El dinero y la inflación - 7. La economía abierta - 8. Introducción a las fluctuaciones económicas - 9. La demanda agregada I - 10. La demanda agregada II - 11. La demanda agregada en la economía abierta - 12. La oferta agregada - 13. El debate sobre política macroeconómica - 14. Tendencias recientes de la teoría de las fluctuaciones económicas - 15. El consumo - 16. El debate sobre la deuda pública - 17. La inversión - 18. La oferta y la demanda de dinero | ||
| 041 | _aspa | ||
| 942 | _cBK | ||
| 590 | _aniveau_biblio:m niveau_hierar:0 | ||
| 100 | 1 | _aMankiw, N. Gregory | |
| 999 |
_c5019 _d5019 |
||